Aki mások boldogságának örül- Fibi Sándorról - egy díj kapcsán, díjaktól függetlenül

Bibliographic Details
Main Author: Szabó, László A., 1967- (Author)
Format: Article
Language:Hungarian
PhysicalDescription:Fotogr.
ISSN:1335-6445
Subjects:

MARC

LEADER 00000nab a2200000 a 4500
001 vtls010620076
003 SK-MaSNL
005 20260318115353.0
008 141024|2014 xo m| 000 02hun
015 |a SNBRB2014/09 
038 |a DSZK 
040 |a DSZK  |b slo  |c DSZK  |e AACR2 
041 0 |a hun 
044 |a xo  |c SK 
080 |a 37.011.3-051  |x (437.6)  |2 2001 
080 |a 06.068  |2 2001 
100 1 |a Szabó, László A.,  |d 1967-  |4 aut  |9 314215 
245 1 0 |a Aki mások boldogságának örül-  |b Fibi Sándorról - egy díj kapcsán, díjaktól függetlenül  |c A. Szabó László 
300 |b Fotogr. 
600 1 7 |a Fibi, Sándor,  |d 1946-  |2 dszk  |9 1090096 
648 7 |a 2014  |2 dszk  |9 334827 
650 0 7 |a pedagógovia  |2 SNKPH  |9 18561 
650 0 7 |a ceny a vyznamenania  |2 SNKPH  |9 73045 
650 0 7 |a Ex Libris (ocenenie)  |2 dszk  |9 1558750 
651 7 |a Dunajská Streda (Slovensko : okres)  |2 dszk  |9 145813 
773 0 |t Katedra  |g Évf. XXI, sz. 8 (2014), o. 17  |x 1335-6445 
852 |a DSZK  |b KIS3GCP 
958 |a HU 
958 |a SK 
999 |c 3306821  |d 3308751